Space of her own: personal narratives of twelve women (Record no. 4856)

MARC details
000 -LEADER
fixed length control field 00511nam a2200181Ia 4500
020 ## - INTERNATIONAL STANDARD BOOK NUMBER
ISBN 0-7619-3314-X
082 ## - DEWEY DECIMAL CLASSIFICATION NUMBER
Classification number 305.420954 SPA-
245 #0 - TITLE STATEMENT
Title Space of her own: personal narratives of twelve women
260 ## - PUBLICATION, DISTRIBUTION, ETC. (IMPRINT)
Place of publication New Delhi
Name of publisher Sage Publications
Year of publication 2005
300 ## - PHYSICAL DESCRIPTION
Number of Pages 275
504 ## - BIBLIOGRAPHY, ETC. NOTE
Bibliography, etc includes bibliographical references
650 ## - SUBJECT ADDED ENTRY--TOPICAL TERM
Topical Term Women
Form subdivision Biography
Geographic subdivision India
650 ## - SUBJECT ADDED ENTRY--TOPICAL TERM
Topical Term Women
Form subdivision Social conditions
Geographic subdivision India
650 ## - SUBJECT ADDED ENTRY--TOPICAL TERM
Topical Term Sex role
Geographic subdivision India
700 ## - ADDED ENTRY--PERSONAL NAME
Personal name Gulati, Leela
700 ## - ADDED ENTRY--PERSONAL NAME
Personal name Bagchi, Jasodhara
942 ## - ADDED ENTRY ELEMENTS (KOHA)
Koha item type Books
Holdings
Withdrawn status Lost status Damaged status Not for loan Home library Current library Date acquired Source of acquisition Bill Date Full call number Accession Number Price effective from Koha item type
        NASSDOC Library NASSDOC Library 22/03/2006 IBD 2006-03-06 305.420954 SPA- 41598 18/04/2019 Books